Un informe para una Academia de Franz Kafka

Salvato in:
Dettagli Bibliografici
Autore principale: Toledo, Francisco (Autore)
Natura: Libro
Lingua:spagnolo
Pubblicazione: Santiago Patricia Ready Galería 2009
Edizione:1a. ed
Soggetti:
Tags: Aggiungi Tag
Nessun Tag, puoi essere il primo ad aggiungerne!!

MARC

LEADER 00000cam a2200000 a 4500
001 UCC4649
003 CL-VaPUC
008 180817e20090000cl |||||||||||||||||spa|d
082 0 4 |a 741.0972  |b TOL  |2 21 
100 0 |a Toledo, Francisco  |e author  |9 508453 
245 1 3 |a Un informe para una Academia de Franz Kafka 
250 |a 1a. ed 
300 |a 28 p 
942 |c BK 
945 |d 20180817 12:57:00  |a dcastane 
260 |a Santiago  |b Patricia Ready Galería  |c 2009 
500 |a Exposición realizada en Santiago de diciembre 2008 a enero 2009 
650 0 |a Grabados  |9 310822 
650 0 |a Arte contemporáneo   |y Siglo 20   |9 550908 
651 0 |a México  |9 255269 
583 |a last modification  |c 20180817 12:57:00  |k Rodrigo Vera 
999 |c 372101  |d 372099 
952 |0 0  |1 0  |3 erb  |4 0  |6 741_097200000000000_TOL_2009  |7 0  |8 R  |9 489366  |a BIBART  |b BIBART  |i 5488184  |o 741.0972 TOL 2009  |p 5488184  |r 2025-03-13  |w 2019-11-24  |y BK_R  |z Catalogado en:20180817  |k ART